000 00436nam a22001817a 4500
999 _c533200
_d533200
003 NUST
005 20191216104910.0
008 131127t xxu||||| |||| 00| 0 eng d
038 _aMSOHAIL
082 _a541.3 ALB
100 _aRobert A.
_926984
245 _aPhysical Chemistry
250 _a7th edition
260 _aNewyork
_bJohnWiley Sons
_cc1987
300 _a934+ p.
700 _qGordon M Barrow
_926983
942 _2ddc
_cBK